Tâm lí học

Đã lưu trong:
书目详细资料
主要作者: Đinh, Phương Duy
格式: 图书
出版: Hà Nội Giáo dục 2009
版:Tái bản lần thứ 1
主题:
标签: 添加标签
没有标签, 成为第一个标记此记录!
Thư viện lưu trữ: Trung tâm Học liệu Lê Vũ Hùng, Trường Đại học Đồng Tháp
LEADER 00721aam a22002418a 4500
001 00028871
005 20171026081023.0
008 120419s2009 ||||||Viesd
020 |c 24000 
041 0 # |a Vie 
082 1 4 |a 150  |b T120L 
100 1 # |a Đinh, Phương Duy 
245 1 0 |a Tâm lí học  |c ĐInh Phương Duy 
250 # # |a Tái bản lần thứ 1 
260 # # |a Hà Nội  |b Giáo dục  |c 2009 
300 # # |a 144tr.  |c 24cm. 
650 # 4 |a Tâm lý học  |x Giáo trình 
653 # # |a Nhân cách 
653 # # |a Ý thức 
852 # # |b Kho đọc  |j KD.0013032 
852 # # |j KD.0013032 
910 |d 19/04/2012 
980 # # |a Trung tâm Học liệu Lê Vũ Hùng, Trường Đại học Đồng Tháp